Lo Strano Caso Dell'apprendista Libraia Una piccola libreria a new york un amore da dimenticare .Una Magia tri libri

保存先:
書誌詳細
第一著者: Deborah Meyler
フォーマット: 図書
言語:言語不明
出版事項: Garzanti
タグ: タグ追加
タグなし, このレコードへの初めてのタグを付けませんか!

MARC

LEADER 00000nam a2200000Ia 4500
001 R-855
003 CODICE-MESSINA
005 20260212102458.0
008 260211s9999 xx 000 0 und d
040 |c importazione_messina 
100 |a Deborah Meyler 
245 0 |a Lo Strano Caso Dell'apprendista Libraia 
245 0 |b Una piccola libreria a new york un amore da dimenticare .Una Magia tri libri 
260 |b Garzanti 
942 |2 ddc  |c BK 
952 |0 0  |1 0  |2 ddc  |4 0  |6 SCAFFALE_8_000000000000000__ROMANZI  |7 0  |9 31682  |a ME  |b ME  |d 2026-02-11  |l 0  |o SCAFFALE 8 - ROMANZI  |p R-855  |r 2026-02-11 23:52:42  |w 2026-02-11  |x [REVISIONARE]  |y BK 
999 |c 27347  |d 27347